Birds of the US - Grebes and Loons - Statistics

General Stats
  • This quiz has been taken 24 times
  • The average score is 10 of 12
Answer Stats
Hint Answer % Correct
Gavia immer Common Loon
100%
Gavia arctica Arctic Loon
95%
Gavia pacifica Pacific Loon
95%
Podilymbus podiceps Pied-billed Grebe
90%
Aechmophorus occidentalis Western Grebe
90%
Aechmophorus clarkii Clark’s Grebe
85%
Gavia stellata Red-throated Loon
85%
Gavia adamsii Yellow-billed Loon
85%
Podiceps nigricollis Eared Grebe
80%
Podiceps auritus Horned Grebe
80%
Podiceps grisegena Red-necked Grebe
80%
Tachybaptus dominicus Least Grebe
70%
No matching quizzes found
Score Distribution
Percent of People with Each Score
Percentile by Number Answered
Your Score History
You have not taken this quiz